• 首页
  • 本馆介绍
  • 公告通知
  • 最新文献
  • 馆藏检索
  • 电子资源
  • 读者导购
  • 参考咨询
  • 我的图书馆
  • 登录
  • 详细信息显示
  • 放入我的书架
  • 预约/预借图书
  • 作者相关作品
  • 分类相关作品
  • 丛书相关作品
  • 出版社相关作品

书目信息

  • 表格格式
  • 工作单格式
  • 卡片格式
题名:
投行笔记
    
 
作者: 徐子桐 著
分册:  
出版信息: 北京   机械工业出版社  2014
页数: 11,275页
开本: 25cm
丛书名:
单 册:
中图分类: F830.33
科图分类:
主题词: 投资银行--研究
电子资源:
ISBN: 978-7-111-45645-2
000 01049nam0 2200253 450
001 523
005 20140909102202.71
010    @a978-7-111-45645-2@dCNY49.00
100    @a20140626d2014 em y0chiy50 ea
101 0  @achi
102    @aCN@b110000
105    @ay z 000yy
106    @ar
200 1  @a投行笔记@ATou Xing Bi Ji@dInvestment banking notes@f徐子桐著@FXu Zi Tong Zhu@zeng
210    @a北京@c机械工业出版社@d2014
215    @a11,275页@d25cm
300    @a资本的游戏
330    @a本书内容分为三篇,第一篇职业篇,以一个资源从业者的角度,论述了对投行职业、市场、制度以及一些常见业务品种的认识和反思;第二篇项目篇,为投行项目操作实录,有业务经过描述、项目问题分析,也有经验和教训的总结,展现了投行一线“战事风云”;第三篇专业篇,是对业务实践中一些具有共性的专业问题的分析小结,以及探讨中国证监会发行审核中常见问题的解决方法等。
510 1  @aInvestment banking notes@zeng
606 0  @a投资银行@x研究
690    @aF830.33@v5
701  0 @a徐子桐@AXu Zi Tong@4著
801  0 @aCN@bTANGWEI@c20140603
905    @b0839521-23@dF830.33@e238@f3
    
    投行笔记=Investment banking notes/徐子桐著.-北京:机械工业出版社,2014
    11,275页;25cm
    资本的游戏
    
    ISBN 978-7-111-45645-2:CNY49.00
    本书内容分为三篇,第一篇职业篇,以一个资源从业者的角度,论述了对投行职业、市场、制度以及一些常见业务品种的认识和反思;第二篇项目篇,为投行项目操作实录,有业务经过描述、项目问题分析,也有经验和教训的总结,展现了投行一线“战事风云”;第三篇专业篇,是对业务实践中一些具有共性的专业问题的分析小结,以及探讨中国证监会发行审核中常见问题的解决方法等。
●
相关链接 在E读中查询图书 在五车中查询图书 在当当中查询图书 在豆瓣中查询图书


正题名:投行笔记     索取号:F830.33/238         预约/预借

序号 登录号 条形码 馆藏地/架位号 状态 备注
1 0839521   208395217   第一样本阅览室/ [索取号:F830.33/238] 在馆    
2 0839522   208395226   第一借阅区/ [索取号:F830.33/238] 在馆    
3 0839523   208395235   经管系资料室/ [索取号:F830.33/238] 在馆    
唐山师范学院图书馆 欢迎您!
大连网信软件有限公司© 版权所有